000 00468nam a2200217Ia 4500
003 IT-RoPAU
008 120407s9999 xx 000 0 und d
040 _aIT-RoPAU
040 _cIT-RoPAU
041 _alat
100 _aGiovanni Chelodi
245 _aJus canonicum de delictis et poenis, 5.a ed.
250 _aVicenza
260 _aAnonima Tip.
260 _c1943
300 _a198 p.
300 _c25 cm
490 _v1
942 _cBK
999 _c28259
_d28259